000 00644nam a22002057a 4500
999 _c523442
_d523442
003 NUST
005 20190311051106.0
008 190311b ||||| |||| 00| 0 eng d
020 _a9698893016
038 _aNusrat Nadeem
040 _aDLC
_bDLC
_cRCMS
082 _a796.3580
_bKHA
100 _aKhalid, Mahmood Syed
_93820
245 _a World cup 2003 top of the Charts
260 _aKarachi
_bJumbo Publishing
_c2003
300 _a 186 p.
500 _a Includes index
650 _xCricket--India--History. Cricket--Pakistan--History. India--Foreign relations--Pakistan. Pakistan--Foreign relations--India.
_93821
942 _2ddc
_cBK